008570000a22001810004500020001800000041000800018082002000026100002300046245012700069260005700196300001200253500007800265505023900343001000500582336002700587337003300614338002800647 a958-9194-04-40 aSPA04aG 266.009 J736p1 aJohnstone, Patrick10aPueblos no alcanzados : Orando por la ventana III / Patrick Johnstone, John Hanna, Marti Smith ; Gloria Pulido, Traductora aBogotá, Colombia : Centros de Literatura Cristiana a119 Pag aTítulo original : Praying through the window III, the unreached peoples00a- La historia de Orando por la Ventana por Ted Haggard - Proyecto Josué 2000 por Luis Bush - Estableciendo la oración en su iglesia local por Larry Stockstill - Jesús, modelo de oración por Sang-Bok Kim - Estrategias para orar7365 atextobtxt2rdacontent 2rdamediaasin mediaciónbn 2rdacarrieravolumenbnc